[Event "IV Miedzynarodowy Turniej Szachowy im. J"]
[Site "Lublin"]
[Date "2012.??.??"]
[Round "4.1"]
[White "Czerw, Dawid"]
[Black "Stoma, Pawel"]
[Result "0-1"]
[WhiteElo "1853"]
[BlackElo "2304"]
[PlyCount "58"]
[EventDate "2012.??.??"]

1. d4 d5 2. c4 c6 3. Nf3 Nf6 4. Nc3 a6 5. c5 Bf5 6. Bf4 Nbd7 7. e3 Nh5 8. Bg3
Nxg3 9. hxg3 e5 10. Be2 Be7 11. b4 Bf6 12. Qb3 O-O 13. a4 Re8 14. Nh4 Be6 15.
Nf3 g6 16. O-O Bg7 17. Rfe1 h5 18. Qc2 e4 19. Nh2 h4 20. g4 Qg5 21. Bd1 f5 22.
gxf5 Bxf5 23. Ra2 h3 24. g3 Re7 25. Qd2 Nf6 26. Kh1 Rf8 27. a5 Bc8 28. Be2 Ref7
29. Nd1 Bh6 0-1

[Event "IV Miedzynarodowy Turniej Szachowy im. J"]
[Site "Lublin"]
[Date "2012.??.??"]
[Round "4.2"]
[White "Wojcieszyn, Jacenty"]
[Black "Polkowski, Piotr"]
[Result "0-1"]
[WhiteElo "2250"]
[BlackElo "2165"]
[PlyCount "66"]
[EventDate "2012.??.??"]

1. d4 d6 2. Nf3 Nc6 3. d5 Ne5 4. Nxe5 dxe5 5. c4 e6 6. Nc3 f5 7. e4 Nf6 8. Bd3
Bc5 9. exf5 exf5 10. O-O O-O 11. Be3 Bxe3 12. fxe3 Ng4 13. Qd2 Qg5 14. Nd1 Bd7
15. Be2 Rae8 16. Bxg4 Qxg4 17. b3 f4 18. Nf2 Qh5 19. exf4 exf4 20. Rfe1 f3 21.
Rxe8 Rxe8 22. Re1 fxg2 23. Rxe8+ Qxe8 24. Kxg2 Qg6+ 25. Kf3 Qh5+ 26. Kg2 Qe5
27. Qd3 Bf5 28. Qd2 h6 29. h3 Kh7 30. Kf3 g5 31. Qb4 h5 32. Qf8 Qf4+ 33. Kg2
Bxh3+ 0-1

[Event "IV Miedzynarodowy Turniej Szachowy im. J"]
[Site "Lublin"]
[Date "2012.??.??"]
[Round "4.3"]
[White "Wojcieszyn, Zdzislaw"]
[Black "Krzyzanowski, Wojciech"]
[Result "0-1"]
[WhiteElo "1975"]
[BlackElo "1981"]
[PlyCount "62"]
[EventDate "2012.??.??"]

1. e4 c5 2. Nc3 Nc6 3. g3 g6 4. Bg2 Bg7 5. d3 d6 6. Be3 Rb8 7. Qd2 Nd4 8. Nd1
e5 9. c3 Nc6 10. Ne2 Nge7 11. Bh6 Bf6 12. h4 Ng8 13. Be3 h5 14. O-O Bg7 15. d4
cxd4 16. cxd4 Nh6 17. d5 Na5 18. Bxa7 Ra8 19. Be3 Nb3 20. axb3 Rxa1 21. Qb4 O-O
22. Nec3 Ra6 23. Nb5 Ng4 24. Bg5 Bf6 25. f3 Bxg5 26. hxg5 Qb6+ 27. Kh1 Bd7 28.
Ndc3 Ne3 29. Rc1 Rc8 30. Qxd6 Qxd6 31. Nxd6 Rxd6 0-1

[Event "IV Miedzynarodowy Turniej Szachowy im. J"]
[Site "Lublin"]
[Date "2012.??.??"]
[Round "4.4"]
[White "Praszak, Michal"]
[Black "Krasowski, Piotr"]
[Result "1-0"]
[WhiteElo "2148"]
[BlackElo "1800"]
[PlyCount "99"]
[EventDate "2012.??.??"]

1. d4 e6 2. e4 d5 3. e5 c5 4. c3 Nc6 5. Nf3 Bd7 6. Be2 Qb6 7. a3 a5 8. b3 a4 9.
b4 c4 10. Bf4 Nge7 11. Nbd2 Ng6 12. Bg3 Na7 13. h4 Ne7 14. h5 Nb5 15. Qc2 Nf5
16. Bf4 Be7 17. g4 Nh6 18. Rg1 Qa7 19. Be3 Qa6 20. Ng5 O-O-O 21. Nh3 Kb8 22.
Kd1 Rc8 23. Kc1 Ng8 24. Kb2 f6 25. f4 g5 26. Nf3 h6 27. Raf1 f5 28. gxf5 exf5
29. fxg5 hxg5 30. Nfxg5 f4 31. Nxf4 Bxb4 32. axb4 a3+ 33. Ka2 Bf5 34. Qc1 Bd3
35. Bd1 Bxf1 36. Rxf1 Ne7 37. Nfe6 Rhg8 38. Rf6 Nc6 39. Nc5 Qa7 40. Ba4 Nbxd4
41. Bxd4 Nxd4 42. cxd4 Rxc5 43. Bc2 Rb5 44. e6 Rxb4 45. Qf4+ Kc8 46. Rf8+ Rxf8
47. Qxf8+ Kc7 48. Qxb4 Qxd4 49. e7 Qe5 50. Qd6+ 1-0

[Event "IV Miedzynarodowy Turniej Szachowy im. J"]
[Site "Lublin"]
[Date "2012.??.??"]
[Round "4.5"]
[White "Siedlanowski, Lukasz"]
[Black "Pikulinski, Janusz"]
[Result "1-0"]
[WhiteElo "1835"]
[BlackElo "2063"]
[PlyCount "91"]
[EventDate "2012.??.??"]

1. e4 e5 2. Nf3 Nc6 3. Bb5 a6 4. Ba4 d6 5. O-O Be7 6. c3 b5 7. Bb3 Nf6 8. d4
O-O 9. Re1 Bg4 10. Qd3 Bxf3 11. gxf3 Na5 12. Bc2 c5 13. f4 cxd4 14. cxd4 Nc6
15. d5 Nb4 16. Qb3 Nxc2 17. Qxc2 exf4 18. Bxf4 Nh5 19. Bg3 Rc8 20. Qe2 Nxg3 21.
hxg3 Bf6 22. Na3 Qb6 23. Rab1 Rc7 24. Nc2 Rfc8 25. Nb4 Qa5 26. a3 Qb6 27. Nc6
Re8 28. Kg2 g6 29. b4 Bc3 30. Rec1 Bg7 31. Qd3 f5 32. exf5 Rf7 33. Re1 Ref8 34.
f4 gxf5 35. Re6 Rf6 36. Rbe1 Rxe6 37. Rxe6 Rf6 38. Rxf6 Bxf6 39. Qxf5 Kg7 40.
Qg4+ Kf7 41. Qe6+ Kg7 42. g4 Bd4 43. g5 Bc3 44. Qe7+ Kg6 45. Qxd6+ Kh5 46. Qh6+
1-0

[Event "IV Miedzynarodowy Turniej Szachowy im. J"]
[Site "Lublin"]
[Date "2012.??.??"]
[Round "4.6"]
[White "Nowicki, Andrzej"]
[Black "Winiarski, Mikolaj"]
[Result "0-1"]
[WhiteElo "1820"]
[BlackElo "1955"]
[PlyCount "106"]
[EventDate "2012.??.??"]

1. e4 c5 2. Nc3 d6 3. g3 g6 4. Bg2 Bg7 5. d3 Nc6 6. Nge2 e6 7. O-O Nge7 8. Bg5
f6 9. Be3 e5 10. Qd2 Be6 11. h3 Qd7 12. Kh2 O-O-O 13. Nd5 Bxd5 14. exd5 Nb4 15.
c4 Nf5 16. a3 Na6 17. b4 Nxe3 18. fxe3 f5 19. b5 Nb8 20. Rab1 Qe7 21. e4 Rdf8
22. Ng1 h5 23. h4 Bh6 24. Qe2 f4 25. Bh3+ Nd7 26. Nf3 Kd8 27. Bxd7 Kxd7 28. b6
a6 29. Rh1 Kd8 30. Rbf1 Qd7 31. Ne1 Rf7 32. Rhg1 fxg3+ 33. Kxg3 Bf4+ 34. Kg2
Qg4+ 35. Qxg4 hxg4 36. Rh1 Rfh7 37. d4 cxd4 38. Nd3 g5 39. hxg5 Rxh1 40. Rxh1
Rxh1 41. Kxh1 Bxg5 42. c5 dxc5 43. Nxc5 Kc8 44. Kg2 Be7 45. Nd3 Bxa3 46. Nxe5
Bc5 47. Nc4 d3 48. Kg3 a5 49. Kxg4 a4 50. Kf3 a3 51. Nxa3 Bxa3 52. Ke3 d2 53.
Kxd2 Kd7 0-1

[Event "IV Miedzynarodowy Turniej Szachowy im. J"]
[Site "Lublin"]
[Date "2012.??.??"]
[Round "4.7"]
[White "Maka, Michal"]
[Black "Chlewinski, Artur"]
[Result "1-0"]
[WhiteElo "2036"]
[BlackElo "1704"]
[PlyCount "72"]
[EventDate "2012.??.??"]

1. Nf3 d5 2. b3 Nf6 3. Bb2 e6 4. e3 Nbd7 5. Be2 c5 6. O-O Bd6 7. d4 cxd4 8.
exd4 a6 9. c4 b6 10. Na3 Bb7 11. Nc2 Ng4 12. h3 Ngf6 13. Ne3 Ne4 14. cxd5 exd5
15. Nf5 O-O 16. Ne5 Ndf6 17. Bd3 Bc8 18. Ne3 Be6 19. Rc1 b5 20. Qe2 Qa5 21. a4
bxa4 22. bxa4 Qd2 23. Qxd2 Nxd2 24. Rfd1 Nde4 25. Rc6 Bxe5 26. dxe5 Nd7 27.
Bxe4 dxe4 28. Rxe6 fxe6 29. Rxd7 Rab8 30. Ba3 Rb1+ 31. Rd1 Rfb8 32. Kh2 Rxd1
33. Nxd1 Rb1 34. Nb2 Ra1 35. Bc5 Kf7 36. Kg3 g5 1-0

[Event "IV Miedzynarodowy Turniej Szachowy im. J"]
[Site "Lublin"]
[Date "2012.??.??"]
[Round "4.9"]
[White "Rokita, Miroslaw"]
[Black "Wroblewski, Mieczyslaw"]
[Result "0-1"]
[WhiteElo "1787"]
[BlackElo "1821"]
[PlyCount "74"]
[EventDate "2012.??.??"]

1. e4 c5 2. Nf3 d6 3. d4 cxd4 4. Nxd4 Nf6 5. Nc3 a6 6. Bg5 e6 7. f4 Nbd7 8. Qf3
Qc7 9. O-O-O b5 10. Bd3 Bb7 11. Rhe1 b4 12. Nce2 Rc8 13. Bxf6 Nxf6 14. g4 d5
15. Ng3 Bc5 16. Nb3 O-O 17. Nxc5 Qxc5 18. g5 dxe4 19. Nxe4 Nxe4 20. Rxe4 Bxe4
21. Qxe4 g6 22. h4 a5 23. h5 Qd5 24. Qe3 Qc5 25. Qh3 Qd4 26. Rh1 Qg7 27. Kb1
Rc7 28. Qh2 Rfc8 29. Qh3 a4 30. Re1 a3 31. Re5 Rc5 32. h6 Rxe5 33. fxe5 Qxe5
34. c3 Qe1+ 35. Kc2 axb2 36. Kxb2 Qxc3+ 37. Kb1 Qc1# 0-1

[Event "IV Miedzynarodowy Turniej Szachowy im. J"]
[Site "Lublin"]
[Date "2012.??.??"]
[Round "4.10"]
[White "Paluch, Andrzej"]
[Black "Fraczek, Weronika"]
[Result "1-0"]
[WhiteElo "1569"]
[BlackElo "1303"]
[PlyCount "79"]
[EventDate "2012.??.??"]

1. c4 Nf6 2. g3 g6 3. Bg2 Bg7 4. Nf3 O-O 5. O-O d6 6. Nc3 Nbd7 7. b4 c5 8. Qb3
Qc7 9. Bb2 cxb4 10. Qxb4 Qb6 11. a3 Rb8 12. Rab1 Qc7 13. Nb5 Qb6 14. Bd4 Nc5
15. Qb2 a6 16. Nc3 Qxb2 17. Rxb2 Nfd7 18. Bxg7 Kxg7 19. d4 Ne6 20. Nd5 Re8 21.
Rfb1 Nf6 22. Nb6 Nd8 23. Nd2 Nc6 24. e3 Bf5 25. Rc1 e5 26. d5 Ne7 27. e4 Bd7
28. Rcb1 h5 29. Nxd7 Nxd7 30. Rxb7 Rxb7 31. Rxb7 Nc5 32. Rc7 Kf6 33. f4 exf4
34. gxf4 g5 35. e5+ dxe5 36. fxe5+ Kxe5 37. Rxc5 g4 38. Ne4 Ng6 39. d6+ Ke6 40.
d7 1-0

[Event "IV Miedzynarodowy Turniej Szachowy im. J"]
[Site "Lublin"]
[Date "2012.??.??"]
[Round "4.15"]
[White "Greszeta, Robert"]
[Black "Bednarczyk, Katarzyna"]
[Result "1/2-1/2"]
[WhiteElo "1602"]
[BlackElo "1379"]
[PlyCount "78"]
[EventDate "2012.??.??"]

1. d4 d5 2. c4 c6 3. Nf3 Nf6 4. Nc3 Bg4 5. Ne5 e6 6. Bg5 Bf5 7. e3 Be7 8. Bf4
O-O 9. c5 Nbd7 10. Nxd7 Qxd7 11. h3 b6 12. b4 Ne4 13. Nxe4 Bxe4 14. f3 Bg6 15.
Bd3 Qd8 16. O-O a5 17. Bxg6 fxg6 18. a3 axb4 19. axb4 bxc5 20. bxc5 Bf6 21. Bh2
Qe7 22. Bd6 Qf7 23. Bxf8 Rxf8 24. Qa4 Qc7 25. Qa7 Qc8 26. Ra4 e5 27. Rb1 exd4
28. exd4 Qe8 29. Kh1 h6 30. Rab4 Qe3 31. Rb8 Rxb8 32. Qxb8+ Kh7 33. Qd6 Qd3 34.
Rc1 Bxd4 35. Qxc6 Be3 36. Re1 Qd2 37. Rxe3 Qxe3 38. Qxd5 Qc1+ 39. Kh2 Qf4+
1/2-1/2

[Event "IV Miedzynarodowy Turniej Szachowy im. J"]
[Site "Lublin"]
[Date "2012.??.??"]
[Round "5.1"]
[White "Stoma, Pawel"]
[Black "Polkowski, Piotr"]
[Result "1-0"]
[WhiteElo "2304"]
[BlackElo "2165"]
[PlyCount "69"]
[EventDate "2012.??.??"]

1. e4 e5 2. Nf3 Nc6 3. Bb5 a6 4. Ba4 Nf6 5. d3 b5 6. Bb3 Be7 7. Nbd2 d6 8. c3
O-O 9. Nf1 Nd7 10. Ne3 Nb6 11. O-O Bf6 12. h3 Be6 13. Re1 Qd7 14. Bxe6 fxe6 15.
d4 Qf7 16. Ng4 Nd7 17. a4 Nb6 18. axb5 axb5 19. Rxa8 Rxa8 20. Qd3 Nc4 21. b3
N4a5 22. Qxb5 Rb8 23. Qa4 Rxb3 24. d5 exd5 25. exd5 Qxd5 26. Nxf6+ gxf6 27.
Qg4+ Kf7 28. Qh5+ Ke7 29. Qxh7+ Qf7 30. Qc2 Kd7 31. h4 Rb8 32. Qf5+ Qe6 33.
Qh7+ Ne7 34. h5 Rg8 35. h6 1-0

[Event "IV Miedzynarodowy Turniej Szachowy im. J"]
[Site "Lublin"]
[Date "2012.??.??"]
[Round "5.2"]
[White "Krzyzanowski, Wojciech"]
[Black "Czerw, Dawid"]
[Result "1/2-1/2"]
[WhiteElo "1981"]
[BlackElo "1853"]
[PlyCount "36"]
[EventDate "2012.??.??"]

1. d4 d5 2. c4 c6 3. Nf3 Nf6 4. Nc3 a6 5. e3 b5 6. b3 Bg4 7. Be2 e6 8. O-O Bd6
9. Ne5 Bxe2 10. Qxe2 O-O 11. Bb2 bxc4 12. bxc4 c5 13. Na4 cxd4 14. exd4 dxc4
15. Nxc4 Nd5 16. Qf3 Be7 17. Nc3 Nc6 18. Nxd5 Qxd5 1/2-1/2

[Event "IV Miedzynarodowy Turniej Szachowy im. J"]
[Site "Lublin"]
[Date "2012.??.??"]
[Round "5.3"]
[White "Winiarski, Mikolaj"]
[Black "Praszak, Michal"]
[Result "0-1"]
[WhiteElo "1955"]
[BlackElo "2148"]
[PlyCount "54"]
[EventDate "2012.??.??"]

1. d4 Nf6 2. c4 c5 3. d5 b5 4. cxb5 a6 5. Nc3 axb5 6. e4 b4 7. Nb5 d6 8. Bf4
Nbd7 9. Nf3 Nh5 10. Bg5 Nhf6 11. Bf4 Nh5 12. Bg5 f6 13. g4 fxg5 14. gxh5 g4 15.
Ng5 Ne5 16. Be2 g6 17. h3 Bh6 18. Ne6 Bxe6 19. dxe6 O-O 20. hxg6 g3 21. gxh7+
Kh8 22. fxg3 Qa5 23. Qb3 Rab8 24. Rf1 Rxf1+ 25. Kxf1 Rxb5 26. Bxb5 Qxb5+ 27.
Kg1 Qe2 0-1

[Event "IV Miedzynarodowy Turniej Szachowy im. J"]
[Site "Lublin"]
[Date "2012.??.??"]
[Round "5.4"]
[White "Cymbala, Ireneusz"]
[Black "Siedlanowski, Lukasz"]
[Result "1/2-1/2"]
[WhiteElo "1910"]
[BlackElo "1835"]
[PlyCount "77"]
[EventDate "2012.??.??"]

1. f4 g6 2. Nf3 d5 3. e3 Bg7 4. Be2 Nf6 5. O-O O-O 6. Qe1 c5 7. d3 Nc6 8. Bd1
Bg4 9. Nbd2 Qb6 10. h3 Bxf3 11. Nxf3 c4 12. Ne5 cxd3 13. Nxc6 bxc6 14. cxd3 Nd7
15. Kh1 e5 16. f5 Nc5 17. Bc2 Qa6 18. Qc3 Ne4 19. Qe1 Nc5 20. Qd1 e4 21. d4 Nd7
22. b4 Nb6 23. a4 Nc4 24. Qe2 Qb7 25. Rb1 Nd6 26. g4 gxf5 27. gxf5 Bf6 28. Ba3
Nc4 29. Bc1 Rae8 30. b5 Kh8 31. bxc6 Qxc6 32. Rb5 Rg8 33. Rf2 Qd6 34. Rg2 Rg3
35. Rxg3 Qxg3 36. Qg2 Qe1+ 37. Qg1 Qh4 38. Qg4 Qe1+ 39. Qg1 1/2-1/2

[Event "IV Miedzynarodowy Turniej Szachowy im. J"]
[Site "Lublin"]
[Date "2012.??.??"]
[Round "5.5"]
[White "Wroblewski, Mieczyslaw"]
[Black "Wojcieszyn, Jacenty"]
[Result "0-1"]
[WhiteElo "1821"]
[BlackElo "2250"]
[PlyCount "80"]
[EventDate "2012.??.??"]

1. e4 c5 2. Nf3 d6 3. d4 cxd4 4. Nxd4 Nf6 5. Nc3 g6 6. Be3 Bg7 7. Bb5+ Bd7 8.
Bxd7+ Nbxd7 9. O-O O-O 10. Qd2 Ne5 11. Qe2 Rc8 12. Rad1 Nc4 13. Bc1 Qa5 14. Rd3
h6 15. Kh1 Rfe8 16. f4 Nd7 17. Rff3 b5 18. Nb3 Qc7 19. Nd5 Qb7 20. c3 h5 21.
Nd2 Nc5 22. Nxc4 Nxd3 23. Qxd3 bxc4 24. Qc2 e6 25. Ne3 f5 26. exf5 exf5 27. h4
Qe4 28. Kh2 d5 29. Qa4 Qb1 30. Qd1 Rcd8 31. Rf1 Qd3 32. Qf3 Qe4 33. Rd1 Qxf3
34. gxf3 d4 35. cxd4 Bxd4 36. Kg2 Bxe3 37. Rxd8 Rxd8 38. Bxe3 a5 39. a3 Rd3 40.
Kf2 c3 0-1

[Event "IV Miedzynarodowy Turniej Szachowy im. J"]
[Site "Lublin"]
[Date "2012.??.??"]
[Round "5.6"]
[White "Pikulinski, Janusz"]
[Black "Maka, Michal"]
[Result "0-1"]
[WhiteElo "2063"]
[BlackElo "2036"]
[PlyCount "76"]
[EventDate "2012.??.??"]

1. e4 g6 2. d4 Bg7 3. Nc3 c5 4. Nf3 cxd4 5. Nxd4 Nc6 6. Be3 d6 7. Qd2 Nf6 8.
Be2 Bd7 9. f3 Rc8 10. Nxc6 bxc6 11. O-O O-O 12. Rfd1 Qc7 13. Kh1 Qb7 14. Rab1
Rfd8 15. Qe1 Ne8 16. Bd4 e5 17. Be3 Be6 18. b3 f5 19. b4 Nf6 20. Qf1 Qf7 21. a3
d5 22. Bg5 Rf8 23. Bxf6 Bxf6 24. Na4 Be7 25. Ba6 Rc7 26. Qe2 Qf6 27. Re1 Bd6
28. Nc5 Bxc5 29. bxc5 dxe4 30. fxe4 f4 31. Rf1 Qe7 32. Qf2 g5 33. h3 h5 34.
Rfd1 g4 35. hxg4 hxg4 36. Rd6 g3 37. Qe1 Qh4+ 38. Kg1 f3 0-1

[Event "IV Miedzynarodowy Turniej Szachowy im. J"]
[Site "Lublin"]
[Date "2012.??.??"]
[Round "5.7"]
[White "Paluch, Andrzej"]
[Black "Wojcieszyn, Zdzislaw"]
[Result "0-1"]
[WhiteElo "1569"]
[BlackElo "1975"]
[PlyCount "60"]
[EventDate "2012.??.??"]

1. c4 e5 2. g3 d5 3. Nf3 e4 4. Nd4 dxc4 5. Qa4+ Nd7 6. Qxc4 Nb6 7. Qc3 Nf6 8.
e3 c5 9. Nb3 Qc7 10. Bg2 Bf5 11. Nd4 Nfd5 12. Nb5 Qe7 13. Qb3 a6 14. N5a3 Nb4
15. O-O Be6 16. Qd1 Bxa2 17. Nc3 Bd5 18. Nxd5 N4xd5 19. d3 f5 20. b3 O-O-O 21.
dxe4 Nxe3 22. Qf3 Nxf1 23. Kxf1 Qxe4 24. Qxe4 fxe4 25. Bxe4 Be7 26. Be3 Nd5 27.
Bc1 Bf6 28. Bf5+ Kb8 29. Ra2 g6 30. Bh3 Bd4 0-1

[Event "IV Miedzynarodowy Turniej Szachowy im. J"]
[Site "Lublin"]
[Date "2012.??.??"]
[Round "5.8"]
[White "Bednarczyk, Sylwester"]
[Black "Nowicki, Andrzej"]
[Result "0-1"]
[WhiteElo "1494"]
[BlackElo "1820"]
[PlyCount "46"]
[EventDate "2012.??.??"]

1. e4 e5 2. Nf3 Nf6 3. Nc3 Nc6 4. Bc4 Bc5 5. d3 h6 6. Be3 Bxe3 7. fxe3 d6 8.
Qd2 Na5 9. Bb3 Nxb3 10. axb3 c6 11. O-O-O Qc7 12. d4 Bg4 13. Rdf1 O-O-O 14. Nh4
Rhe8 15. d5 Qa5 16. Qd3 cxd5 17. Rxf6 gxf6 18. Nxd5 Qa1+ 19. Kd2 Qxh1 20. Qc4+
Kb8 21. Qc7+ Ka8 22. Qa5 Qd1+ 23. Kc3 Qe1+ 0-1

[Event "IV Miedzynarodowy Turniej Szachowy im. J"]
[Site "Lublin"]
[Date "2012.??.??"]
[Round "5.10"]
[White "Nowosad, Jan"]
[Black "Topolan, Agata"]
[Result "1-0"]
[WhiteElo "1569"]
[BlackElo "1430"]
[PlyCount "95"]
[EventDate "2012.??.??"]

1. d4 Nf6 2. c4 g6 3. Nc3 d5 4. cxd5 Nxd5 5. e4 Nxc3 6. bxc3 Bg7 7. Bc4 c5 8.
Ne2 cxd4 9. cxd4 Nc6 10. Be3 O-O 11. O-O h5 12. Rb1 h4 13. h3 e5 14. d5 Na5 15.
Bb5 a6 16. Bd3 b5 17. a4 f5 18. axb5 f4 19. Bc5 f3 20. Bxf8 Qg5 21. Ng3 fxg2
22. Kxg2 Bxf8 23. Qc1 Qxc1 24. Rfxc1 hxg3 25. fxg3 axb5 26. Rxb5 Be7 27. Rxc8+
Rxc8 28. Rxa5 Rc3 29. Bb1 Kg7 30. h4 Rb3 31. Ba2 Re3 32. Ra7 Kf8 33. Ra6 Rxe4
34. Kf3 Rd4 35. Rxg6 Ra4 36. Bb1 Rd4 37. Be4 Kf7 38. Re6 Bf6 39. g4 Bxh4 40.
Rxe5 Rd1 41. Re6 Rf1+ 42. Ke2 Rf6 43. Rc6 Rxc6 44. dxc6 Bg3 45. Kd3 Bf4 46. Kc4
Ke7 47. Kb5 Kd8 48. Kb6 1-0

[Event "IV Miedzynarodowy Turniej Szachowy im. J"]
[Site "Lublin"]
[Date "2012.??.??"]
[Round "5.11"]
[White "Fraczek, Weronika"]
[Black "Rokita, Miroslaw"]
[Result "0-1"]
[WhiteElo "1303"]
[BlackElo "1787"]
[PlyCount "94"]
[EventDate "2012.??.??"]

1. e4 c5 2. Nf3 e6 3. d4 cxd4 4. Nxd4 a6 5. Nc3 Nc6 6. Be3 Qc7 7. Be2 b5 8. a3
Bb7 9. f3 Rc8 10. Qd2 Nf6 11. Bd3 b4 12. Nce2 bxa3 13. bxa3 Nxd4 14. Bxd4 Bc5
15. Bxc5 Qxc5 16. Qb4 Rc7 17. Qxc5 Rxc5 18. Rb1 Bc8 19. Rb8 O-O 20. Kd2 d5 21.
exd5 Rxd5 22. Nc3 Rd6 23. Ne4 Nxe4+ 24. fxe4 e5 25. Ke3 g6 26. Rf1 Kg7 27. g3
Rc6 28. Rfb1 f5 29. R1b6 f4+ 30. gxf4 exf4+ 31. Kf2 Rff6 32. Rxc6 Rxc6 33. Rb4
g5 34. a4 h5 35. Rd4 Kf6 36. Rd5 Be6 37. Rd8 g4 38. Rh8 Kg5 39. Rf8 Bc4 40.
Rf5+ Kh4 41. Rxf4 Bxd3 42. cxd3 Kh3 43. Rf5 h4 44. Rh5 Rc2+ 45. Kg1 Rd2 46. e5
Rxd3 47. e6 Re3 0-1

[Event "IV Miedzynarodowy Turniej Szachowy im. J"]
[Site "Lublin"]
[Date "2012.??.??"]
[Round "7.1"]
[White "Stoma, Pawel"]
[Black "Wojcieszyn, Jacenty"]
[Result "1-0"]
[WhiteElo "2304"]
[BlackElo "2250"]
[PlyCount "51"]
[EventDate "2012.??.??"]

1. e4 d5 2. exd5 Qxd5 3. Nc3 Qa5 4. d4 Nf6 5. Bc4 c6 6. Nf3 Bg4 7. h3 Bh5 8. g4
Bg6 9. Ne5 e6 10. Nxg6 hxg6 11. Qe2 Bb4 12. Bd2 Nd5 13. Ne4 Bxd2+ 14. Nxd2 Nd7
15. O-O-O O-O-O 16. Qf3 Rdf8 17. Bb3 g5 18. Ne4 N5f6 19. Nd6+ Kb8 20. c4 Qc7
21. c5 Nd5 22. Bxd5 cxd5 23. Kb1 Nf6 24. Qe3 Ne8 25. Nxe8 Rxe8 26. Qxg5 1-0

[Event "IV Miedzynarodowy Turniej Szachowy im. J"]
[Site "Lublin"]
[Date "2012.??.??"]
[Round "7.2"]
[White "Polkowski, Piotr"]
[Black "Praszak, Michal"]
[Result "1/2-1/2"]
[WhiteElo "2165"]
[BlackElo "2148"]
[PlyCount "61"]
[EventDate "2012.??.??"]

1. e4 c5 2. Nf3 d6 3. Bc4 Nc6 4. O-O Nf6 5. Re1 Bg4 6. h3 Bxf3 7. Qxf3 g6 8.
Qb3 Ne5 9. Qxb7 Nxc4 10. Qb5+ Nd7 11. Qxc4 Bg7 12. Qe2 O-O 13. d3 Rb8 14. c3
Qa5 15. Nd2 Ne5 16. f4 Nc6 17. Nc4 Qa6 18. Qc2 Rfd8 19. Ne3 e6 20. f5 Ne5 21.
Rd1 d5 22. fxe6 fxe6 23. exd5 exd5 24. d4 cxd4 25. Rxd4 Nc4 26. Rxd5 Rxd5 27.
Nxd5 Qe6 28. Bf4 Rxb2 29. Qd3 Qe2 30. Qxe2 Rxe2 31. a4 1/2-1/2

[Event "IV Miedzynarodowy Turniej Szachowy im. J"]
[Site "Lublin"]
[Date "2012.??.??"]
[Round "7.3"]
[White "Winiarski, Mikolaj"]
[Black "Maka, Michal"]
[Result "1-0"]
[WhiteElo "1955"]
[BlackElo "2036"]
[PlyCount "57"]
[EventDate "2012.??.??"]

1. d4 d6 2. g3 g6 3. Bg2 Bg7 4. c3 Nf6 5. e4 O-O 6. Ne2 c5 7. O-O Na6 8. b3 Rb8
9. Bb2 b5 10. f4 Qb6 11. h3 e6 12. Kh2 c4 13. Nd2 Qc7 14. e5 Nd5 15. Bxd5 exd5
16. bxc4 dxc4 17. Ne4 d5 18. Nd6 Qd7 19. g4 h5 20. Nxc8 Rfxc8 21. gxh5 b4 22.
hxg6 fxg6 23. f5 gxf5 24. Nf4 Rc6 25. Rg1 Nc7 26. Qh5 Qf7 27. Rxg7+ Qxg7 28.
Rg1 Ne8 29. Qxf5 1-0

[Event "IV Miedzynarodowy Turniej Szachowy im. J"]
[Site "Lublin"]
[Date "2012.??.??"]
[Round "7.4"]
[White "Krzyzanowski, Wojciech"]
[Black "Cymbala, Ireneusz"]
[Result "1-0"]
[WhiteElo "1981"]
[BlackElo "1910"]
[PlyCount "33"]
[EventDate "2012.??.??"]

1. d4 Nf6 2. c4 g6 3. Nc3 d5 4. cxd5 Nxd5 5. e4 Nxc3 6. bxc3 Bg7 7. Be3 c5 8.
Qd2 Qa5 9. Nf3 O-O 10. Rc1 Nc6 11. d5 Rd8 12. Qc2 Nd4 13. Nxd4 cxd4 14. Bd2
dxc3 15. Bxc3 Bxc3+ 16. Qxc3 Qxa2 17. Ra1 1-0

[Event "IV Miedzynarodowy Turniej Szachowy im. J"]
[Site "Lublin"]
[Date "2012.??.??"]
[Round "7.5"]
[White "Siedlanowski, Lukasz"]
[Black "Wojcieszyn, Zdzislaw"]
[Result "1/2-1/2"]
[WhiteElo "1835"]
[BlackElo "1975"]
[PlyCount "30"]
[EventDate "2012.??.??"]

1. f4 d5 2. Nf3 Nf6 3. e3 g6 4. Be2 Bg7 5. O-O O-O 6. Qe1 c5 7. d3 Nc6 8. Bd1
Re8 9. Ne5 Qb6 10. c3 Bf5 11. Nd2 Nd7 12. Nxc6 Bxd3 13. Ne5 Nxe5 14. fxe5 Bxf1
15. Qxf1 Bxe5 1/2-1/2

[Event "IV Miedzynarodowy Turniej Szachowy im. J"]
[Site "Lublin"]
[Date "2012.??.??"]
[Round "7.8"]
[White "Nowosad, Jan"]
[Black "Nowicki, Andrzej"]
[Result "0-1"]
[WhiteElo "1569"]
[BlackElo "1820"]
[PlyCount "34"]
[EventDate "2012.??.??"]

1. e4 e5 2. Nf3 Nf6 3. Nxe5 d6 4. Nf3 Nxe4 5. Nc3 Nxc3 6. dxc3 Bg4 7. Bc4 c6 8.
Bxf7+ Kxf7 9. Ng5+ Qxg5 10. Bxg5 Bxd1 11. Rxd1 Nd7 12. Bf4 d5 13. c4 Re8+ 14.
Be3 Nf6 15. O-O b6 16. cxd5 Nxd5 17. Bc1 Bc5 0-1

[Event "IV Miedzynarodowy Turniej Szachowy im. J"]
[Site "Lublin"]
[Date "2012.??.??"]
[Round "7.9"]
[White "Bednarczyk, Sylwester"]
[Black "Krasowski, Piotr"]
[Result "0-1"]
[WhiteElo "1494"]
[BlackElo "1800"]
[PlyCount "31"]
[EventDate "2012.??.??"]

1. e4 e6 2. d4 d5 3. Nc3 Nf6 4. Bg5 Be7 5. exd5 exd5 6. Bd3 Nc6 7. Nge2 Bg4 8.
f3 Be6 9. a3 Nh5 10. Be3 a6 11. Qd2 Bd6 12. O-O-O Qe7 13. Na2 Nf6 14. Bf4 O-O
15. Bxd6 Qxd6 16. g4 0-1

[Event "IV Miedzynarodowy Turniej Szachowy im. J"]
[Site "Lublin"]
[Date "2012.??.??"]
[Round "7.12"]
[White "Fraczek, Weronika"]
[Black "Topolan, Agata"]
[Result "0-1"]
[WhiteElo "1303"]
[BlackElo "1430"]
[PlyCount "53"]
[EventDate "2012.??.??"]

1. e4 c6 2. d4 d5 3. exd5 cxd5 4. Bd3 Nc6 5. c3 Nf6 6. Nf3 Bg4 7. h3 Bh5 8. Bf4
e6 9. Nbd2 Bd6 10. Bxd6 Qxd6 11. O-O O-O 12. Qb1 Kh8 13. Re1 Rae8 14. Ne5 Nd7
15. Nxd7 Qxd7 16. Nf1 e5 17. Ng3 Bg6 18. Bxg6 hxg6 19. dxe5 Nxe5 20. Qd1 f5 21.
b3 f4 22. Nh1 f3 23. Re3 fxg2 24. Kxg2 Rf7 25. Qe2 Qe7 26. Rc1 d4 27. Rg3 0-1

[Event "IV Miedzynarodowy Turniej Szachowy im. J"]
[Site "Lublin"]
[Date "2012.??.??"]
[Round "7.14"]
[White "Paluch, Andrzej"]
[Black "Greszeta, Robert"]
[Result "1/2-1/2"]
[WhiteElo "1569"]
[BlackElo "1602"]
[PlyCount "54"]
[EventDate "2012.??.??"]

1. c4 e5 2. g3 Nf6 3. Bg2 c6 4. Nc3 Be7 5. Nf3 d6 6. O-O O-O 7. d4 Nbd7 8. b3
h6 9. Bb2 Re8 10. e3 a6 11. Ne2 exd4 12. Nfxd4 c5 13. Nf3 Rb8 14. Qd2 b5 15.
cxb5 axb5 16. Rfd1 Qb6 17. Rac1 Bb7 18. Nc3 Red8 19. Qd3 Bc6 20. Nh4 Bxg2 21.
Kxg2 Ne5 22. Qe2 Qc6+ 23. Kg1 b4 24. Nb1 Nh7 25. Nf5 Nf3+ 26. Kf1 Nxh2+ 27. Kg1
Nf3+ 1/2-1/2

[Event "IV Miedzynarodowy Turniej Szachowy im. J"]
[Site "Lublin"]
[Date "2012.??.??"]
[Round "6.1"]
[White "Praszak, Michal"]
[Black "Stoma, Pawel"]
[Result "1/2-1/2"]
[WhiteElo "2148"]
[BlackElo "2304"]
[PlyCount "20"]
[EventDate "2012.??.??"]

1. c4 c6 2. Nf3 Nf6 3. g3 g6 4. Bg2 Bg7 5. O-O O-O 6. Nc3 d5 7. cxd5 cxd5 8. d4
Nc6 9. Ne5 Bf5 10. Bf4 Rc8 1/2-1/2

[Event "IV Miedzynarodowy Turniej Szachowy im. J"]
[Site "Lublin"]
[Date "2012.??.??"]
[Round "6.2"]
[White "Polkowski, Piotr"]
[Black "Krzyzanowski, Wojciech"]
[Result "1-0"]
[WhiteElo "2165"]
[BlackElo "1981"]
[PlyCount "57"]
[EventDate "2012.??.??"]

1. e4 c5 2. Nc3 Nc6 3. f4 d6 4. Nf3 g6 5. Bc4 Bg7 6. d3 e6 7. O-O Nge7 8. Qe1
O-O 9. Qh4 Na5 10. Bb3 Nxb3 11. axb3 a6 12. Ng5 h6 13. Nf3 d5 14. f5 Nxf5 15.
Qxd8 Rxd8 16. exf5 gxf5 17. Na4 Rd6 18. Nxc5 Rc6 19. Na4 b5 20. Nc3 b4 21. Na2
Rb8 22. Bf4 Rb5 23. d4 Bd7 24. Nc1 a5 25. Nd3 Rxc2 26. Rac1 Rxc1 27. Rxc1 Rb7
28. Nc5 Ra7 29. Bb8 1-0